[Event "Tournoi International du Pays de Charleroi 2018"]
[Site "Roux, Belgium"]
[Date "2018.07.30"]
[Round "3.5"]
[White "Goormachtigh, Johan"]
[Black "Kukov, Velislav"]
[Result "1/2-1/2"]
[BlackTitle "IM"]
[WhiteElo "2148"]
[BlackElo "2382"]

1. d4 {[%clk 01:30:56]} {[%emt 00:00:04]} d5 {[%clk 01:24:54]} {[%emt
00:06:06]} 2. c4 {[%clk 01:31:11]} {[%emt 00:00:15]} c6 {[%clk 01:25:19]}
{[%emt 00:00:05]} 3. Nf3 {[%clk 01:31:24]} {[%emt 00:00:17]} Nf6 {[%clk
01:25:41]} {[%emt 00:00:08]} 4. Nc3 {[%clk 01:31:36]} {[%emt 00:00:18]} dxc4
{[%clk 01:26:06]} {[%emt 00:00:05]} 5. a4 {[%clk 01:31:52]} {[%emt 00:00:14]}
Na6 {[%clk 01:26:32]} {[%emt 00:00:04]} 6. e3 {[%clk 01:30:27]} {[%emt
00:01:54]} Bg4 {[%clk 01:26:52]} {[%emt 00:00:10]} 7. Bxc4 {[%clk 01:30:50]}
{[%emt 00:00:08]} e6 {[%clk 01:27:18]} {[%emt 00:00:04]} 8. O-O {[%clk
01:29:48]} {[%emt 00:01:33]} Nb4 {[%clk 01:27:42]} {[%emt 00:00:05]} 9. h3
{[%clk 01:21:26]} {[%emt 00:08:52]} Bh5 {[%clk 01:27:29]} {[%emt 00:00:43]} 10.
a5 {[%clk 01:17:27]} {[%emt 00:04:30]} Be7 {[%clk 01:27:00]} {[%emt 00:00:59]}
11. Be2 {[%clk 01:17:41]} {[%emt 00:00:16]} O-O {[%clk 01:23:43]} {[%emt
00:03:47]} 12. Ne5 {[%clk 01:16:10]} {[%emt 00:02:02]} Bxe2 {[%clk 01:20:58]}
{[%emt 00:03:14]} 13. Qxe2 {[%clk 01:16:35]} {[%emt 00:00:05]} c5 {[%clk
01:18:54]} {[%emt 00:02:34]} 14. dxc5 {[%clk 01:05:00]} {[%emt 00:12:05]} Qc7
{[%clk 01:17:27]} {[%emt 00:01:57]} 15. Nd3 {[%clk 00:56:48]} {[%emt 00:08:42]}
Nxd3 {[%clk 01:16:36]} {[%emt 00:01:21]} 16. Qxd3 {[%clk 00:57:11]} {[%emt
00:00:06]} Rfd8 {[%clk 01:14:35]} {[%emt 00:02:31]} 17. Qc4 {[%clk 00:53:46]}
{[%emt 00:03:56]} Qxc5 {[%clk 01:09:00]} {[%emt 00:06:05]} 18. Qxc5 {[%clk
00:49:25]} {[%emt 00:04:52]} Bxc5 {[%clk 01:09:28]} {[%emt 00:00:01]} 19. a6
{[%clk 00:49:54]} Rab8 {[%clk 00:52:22]} {[%emt 00:17:37]} 20. axb7 {[%clk
00:42:58]} {[%emt 00:07:26]} Rxb7 {[%clk 00:51:44]} {[%emt 00:01:08]} 21. Rd1
{[%clk 00:42:24]} {[%emt 00:01:04]} Rxd1+ {[%clk 00:48:09]} {[%emt 00:04:05]}
22. Nxd1 {[%clk 00:42:52]} {[%emt 00:00:02]} Rd7 {[%clk 00:37:24]} {[%emt
00:11:15]} 23. Nc3 {[%clk 00:42:50]} {[%emt 00:00:32]} Bb4 {[%clk 00:37:10]}
{[%emt 00:00:43]} 24. Kf1 {[%clk 00:36:32]} {[%emt 00:06:49]} Bxc3 {[%clk
00:26:42]} {[%emt 00:10:58]} 25. bxc3 {[%clk 00:37:00]} {[%emt 00:00:02]} Ne4
{[%clk 00:27:07]} {[%emt 00:00:06]} 26. c4 {[%clk 00:21:32]} {[%emt 00:15:57]}
Rc7 {[%clk 00:22:13]} {[%emt 00:05:24]} 27. Ra4 {[%clk 00:18:34]} {[%emt
00:03:29]} h5 {[%clk 00:16:09]} {[%emt 00:06:33]} 28. f3 {[%clk 00:17:32]}
{[%emt 00:01:32]} Nd6 {[%clk 00:13:38]} {[%emt 00:03:02]} 29. c5 {[%clk
00:16:27]} {[%emt 00:01:35]} Rxc5 {[%clk 00:13:20]} {[%emt 00:00:48]} 30. Ba3
{[%clk 00:16:45]} {[%emt 00:00:12]} Rc4 {[%clk 00:12:35]} {[%emt 00:01:15]} 31.
Rxa7 {[%clk 00:15:17]} {[%emt 00:01:58]} Nf5 {[%clk 00:12:57]} {[%emt
00:00:08]} 32. e4 {[%clk 00:14:17]} {[%emt 00:01:30]} Ng3+ {[%clk 00:07:54]}
{[%emt 00:05:32]} 33. Kg1 {[%clk 00:06:27]} {[%emt 00:08:21]} h4 {[%clk
00:01:19]} {[%emt 00:07:05]} 34. Rb7 {[%clk 00:05:53]} {[%emt 00:01:04]} Rc3
{[%clk 00:00:53]} {[%emt 00:00:56]} 35. Bd6 {[%clk 00:02:05]} {[%emt 00:04:18]}
Rc1+ {[%clk 00:00:54]} {[%emt 00:00:29]} 36. Kf2 {[%clk 00:02:29]} {[%emt
00:00:05]} Rc2+ {[%clk 00:01:10]} {[%emt 00:00:15]} 37. Kg1 {[%clk 00:02:48]}
{[%emt 00:00:10]} Rc1+ {[%clk 00:00:43]} {[%emt 00:00:59]} 38. Kf2 {[%clk
00:03:11]} {[%emt 00:00:07]} Rc2+ {[%clk 00:00:50]} {[%emt 00:00:23]} 39. Kg1
{[%clk 00:03:05]} {[%emt 00:00:36]} Ne2+ {[%clk 00:01:12]} {[%emt 00:00:08]} 40.
Kf1 {[%clk 00:01:07]} {[%emt 00:02:28]} f6 {[%clk 00:00:36]} {[%emt 00:01:07]}
41. Bh2 {[%clk 00:29:53]} {[%emt 00:01:43]} Nc3 {[%clk 00:17:58]} {[%emt
00:13:08]} 42. Bb8 {[%clk 00:21:21]} {[%emt 00:09:02]} e5 {[%clk 00:10:45]}
{[%emt 00:07:44]} 43. Ba7 {[%clk 00:18:07]} {[%emt 00:03:45]} Rc1+ {[%clk
00:04:12]} {[%emt 00:07:02]} 44. Kf2 {[%clk 00:18:32]} {[%emt 00:00:05]} g5
{[%clk 00:03:18]} {[%emt 00:01:23]} 45. Rd7 {[%clk 00:12:14]} {[%emt 00:06:48]}
Rc2+ {[%clk 00:03:15]} {[%emt 00:00:34]} 46. Kf1 {[%clk 00:12:27]} {[%emt
00:00:17]} Ne2 {[%clk 00:03:14]} {[%emt 00:00:31]} 47. Be3 {[%clk 00:11:33]}
{[%emt 00:01:23]} Ng3+ {[%clk 00:03:35]} {[%emt 00:00:10]} 48. Kg1 {[%clk
00:11:39]} {[%emt 00:00:24]} Re2 {[%clk 00:03:09]} {[%emt 00:00:56]} 49. Bf2
{[%clk 00:10:51]} {[%emt 00:01:19]} Nh5 {[%clk 00:03:29]} {[%emt 00:00:11]} 50.
Rd1 {[%clk 00:05:12]} {[%emt 00:06:09]} Nf4 {[%clk 00:03:22]} {[%emt 00:00:36]}
51. Kf1 {[%clk 00:04:41]} {[%emt 00:01:00]} Ra2 {[%clk 00:03:50]} {[%emt
00:00:03]} 52. Kg1 {[%clk 00:04:29]} {[%emt 00:00:43]} Kf7 {[%clk 00:04:13]}
{[%emt 00:00:07]} 53. Kf1 {[%clk 00:04:40]} {[%emt 00:00:19]} Ke6 {[%clk
00:04:41]} {[%emt 00:00:03]} 54. Kg1 {[%clk 00:05:03]} {[%emt 00:00:07]} Rb2
{[%clk 00:03:18]} {[%emt 00:01:53]} 55. Kf1 {[%clk 00:05:23]} {[%emt 00:00:09]}
Rc2 {[%clk 00:03:43]} {[%emt 00:00:05]} 56. Kg1 {[%clk 00:05:43]} {[%emt
00:00:10]} Ne2+ {[%clk 00:00:38]} {[%emt 00:03:35]} 57. Kf1 {[%clk 00:06:06]}
{[%emt 00:00:06]} Nc3 {[%clk 00:00:38]} {[%emt 00:00:31]} 58. Ra1 {[%clk
00:06:09]} {[%emt 00:00:27]} Na2 {[%clk 00:00:34]} {[%emt 00:00:35]} 59. Rd1
{[%clk 00:05:15]} {[%emt 00:01:23]} Nc3 {[%clk 00:00:47]} {[%emt 00:00:18]} 60.
Ra1 {[%clk 00:05:40]} {[%emt 00:00:05]} Ne2 {[%clk 00:00:59]} {[%emt 00:00:18]}
61. Ra6+ {[%clk 00:04:57]} {[%emt 00:01:12]} Kf7 {[%clk 00:01:22]} {[%emt
00:00:08]} 62. Ra7+ {[%clk 00:04:55]} {[%emt 00:00:32]} Kg6 {[%clk 00:01:19]}
{[%emt 00:00:33]} 63. Ra1 {[%clk 00:04:22]} {[%emt 00:01:03]} Nf4 {[%clk
00:01:44]} {[%emt 00:00:05]} 64. Rd1 {[%clk 00:04:42]} {[%emt 00:00:09]} Kf7
{[%clk 00:01:50]} {[%emt 00:00:25]} 65. Kg1 {[%clk 00:04:50]} {[%emt 00:00:21]}
Ke6 {[%clk 00:02:12]} {[%emt 00:00:08]} 66. Kf1 {[%clk 00:04:50]} {[%emt
00:00:30]} Rb2 {[%clk 00:02:27]} {[%emt 00:00:15]} 67. Kg1 {[%clk 00:04:59]}
{[%emt 00:00:21]} f5 {[%clk 00:02:42]} {[%emt 00:00:16]} 68. exf5+ {[%clk
00:05:02]} {[%emt 00:00:28]} Kxf5 {[%clk 00:03:10]} {[%emt 00:00:02]} 69. Kf1
{[%clk 00:04:16]} {[%emt 00:01:15]} Rc2 {[%clk 00:02:38]} {[%emt 00:01:02]} 70.
Kg1 {[%clk 00:04:21]} {[%emt 00:00:25]} Ne2+ {[%clk 00:00:40]} {[%emt
00:02:29]} 71. Kf1 {[%clk 00:04:44]} {[%emt 00:00:07]} Nc1 {[%clk 00:00:34]}
{[%emt 00:00:37]} 72. Be3 {[%clk 00:03:57]} {[%emt 00:01:15]} Ne2 {[%clk
00:00:42]} {[%emt 00:00:23]} 73. Bf2 {[%clk 00:03:32]} {[%emt 00:00:54]} Nf4
{[%clk 00:00:48]} {[%emt 00:00:25]} 74. Kg1 {[%clk 00:03:54]} {[%emt 00:00:08]}
Rc1 {[%clk 00:00:52]} {[%emt 00:00:26]} 75. Rxc1 {[%clk 00:04:13]} {[%emt
00:00:11]} Ne2+ {[%clk 00:01:20]} {[%emt 00:00:02]} 76. Kf1 {[%clk 00:04:33]}
{[%emt 00:00:09]} Nxc1 {[%clk 00:01:49]} {[%emt 00:00:02]} 77. Be3 {[%clk
00:04:23]} {[%emt 00:00:39]} Nd3 {[%clk 00:02:13]} {[%emt 00:00:06]} 78. Ke2
{[%clk 00:04:26]} {[%emt 00:00:26]} Nb4 {[%clk 00:02:15]} {[%emt 00:00:29]} 79.
Bc1 {[%clk 00:04:22]} {[%emt 00:00:34]} Nd5 {[%clk 00:02:03]} {[%emt 00:00:43]}
80. Bd2 {[%clk 00:04:16]} {[%emt 00:00:36]} Nf6 {[%clk 00:02:12]} {[%emt
00:00:21]} 81. Bc1 {[%clk 00:04:05]} {[%emt 00:00:41]} Nh5 {[%clk 00:02:35]}
{[%emt 00:00:06]} 82. Be3 {[%clk 00:03:32]} {[%emt 00:01:03]} Ng3+ {[%clk
00:02:39]} {[%emt 00:00:26]} 83. Kf2 {[%clk 00:03:49]} {[%emt 00:00:13]} Kf6
{[%clk 00:03:00]} {[%emt 00:00:09]} 84. Bc1 {[%clk 00:04:07]} {[%emt 00:00:13]}
Nf5 {[%clk 00:03:28]} {[%emt 00:00:02]} 85. Bb2 {[%clk 00:04:17]} {[%emt
00:00:20]} Nd4 {[%clk 00:02:10]} {[%emt 00:01:55]} 86. Bc1 {[%clk 00:04:07]}
{[%emt 00:00:40]} Kf5 {[%clk 00:02:16]} {[%emt 00:00:23]} 87. Bd2 {[%clk
00:04:15]} {[%emt 00:00:23]} Ne6 {[%clk 00:02:41]} {[%emt 00:00:06]} 88. Be3
{[%clk 00:04:09]} {[%emt 00:00:34]} Kf6 {[%clk 00:02:59]} {[%emt 00:00:13]} 89.
Bc1 {[%clk 00:04:20]} {[%emt 00:00:19]} Kf5 {[%clk 00:02:46]} {[%emt 00:00:43]}
90. Bd2 {[%clk 00:04:33]} {[%emt 00:00:17]} Nf4 {[%clk 00:02:55]} {[%emt
00:00:21]} 91. Ba5 {[%clk 00:03:59]} {[%emt 00:01:04]} Ke6 {[%clk 00:02:51]}
{[%emt 00:00:33]} 92. Bd8 {[%clk 00:04:11]} {[%emt 00:00:18]} Kf5 {[%clk
00:03:11]} {[%emt 00:00:11]} 93. Be7 {[%clk 00:04:10]} {[%emt 00:00:31]} Ne6
{[%clk 00:03:21]} {[%emt 00:00:20]} 94. Ba3 {[%clk 00:03:50]} {[%emt 00:00:50]}
Kf6 {[%clk 00:02:40]} {[%emt 00:01:10]} 95. Bc1 {[%clk 00:03:37]} {[%emt
00:00:44]} Nf4 {[%clk 00:02:52]} {[%emt 00:00:18]} 96. Ba3 {[%clk 00:03:49]}
{[%emt 00:00:17]} Ke6 {[%clk 00:03:18]} {[%emt 00:00:05]} 97. Bf8 {[%clk
00:03:38]} {[%emt 00:00:41]} Kf5 {[%clk 00:01:34]} {[%emt 00:02:15]} 98. Be7
{[%clk 00:03:12]} {[%emt 00:00:55]} Ne6 {[%clk 00:01:10]} {[%emt 00:00:54]} 99.
Ba3 {[%clk 00:03:15]} {[%emt 00:00:27]} Nd4 {[%clk 00:01:25]} {[%emt 00:00:15]}
100. Bc1 {[%clk 00:03:19]} {[%emt 00:00:25]} Nb3 {[%clk 00:01:30]} {[%emt
00:00:24]} 101. Be3 {[%clk 00:03:27]} {[%emt 00:00:22]} Na5 {[%clk 00:01:58]}
{[%emt 00:00:03]} 102. Bd2 {[%clk 00:03:34]} {[%emt 00:00:22]} Nc4 {[%clk
00:02:21]} {[%emt 00:00:08]} 103. Bb4 {[%clk 00:03:14]} {[%emt 00:00:50]} e4
{[%clk 00:02:25]} {[%emt 00:00:26]} 104. fxe4+ {[%clk 00:03:24]} {[%emt
00:00:20]} Kxe4 {[%clk 00:02:53]} {[%emt 00:00:01]} 105. Be7 {[%clk 00:03:36]}
{[%emt 00:00:16]} Kf4 {[%clk 00:03:07]} {[%emt 00:00:18]} 106. Bxg5+ {[%clk
00:03:26]} {[%emt 00:00:40]} Kxg5 {[%clk 00:03:28]} {[%emt 00:00:09]} 107. g3
{[%clk 00:03:53]} {[%emt 00:00:02]} Nd2 {[%clk 00:03:38]} {[%emt 00:00:21]} 108.
gxh4+ {[%clk 00:04:17]} {[%emt 00:00:06]} Kxh4 {[%clk 00:04:05]} {[%emt
00:00:04]} 109. Ke3 {[%clk 00:04:39]} {[%emt 00:00:07]} Kxh3 {[%clk 00:04:29]}
{[%emt 00:00:11]} 1/2-1/2

[Event "Tournoi International du Pays de Charleroi 2018"]
[Site "Roux, Belgium"]
[Date "2018.07.30"]
[Round "3.16"]
[White "Vesin, Jean-Robert"]
[Black "Guion, Geoffrey"]
[Result "0-1"]
[WhiteTitle "FM"]
[WhiteElo "2215"]
[BlackElo "1988"]

1. e4 {[%clk 01:30:57]} {[%emt 00:00:02]} e6 {[%clk 01:30:55]} {[%emt
00:00:05]} 2. d3 {[%clk 01:31:05]} {[%emt 00:00:22]} d5 {[%clk 01:31:18]}
{[%emt 00:00:07]} 3. Nd2 {[%clk 01:31:29]} {[%emt 00:00:06]} c5 {[%clk
01:31:28]} {[%emt 00:00:19]} 4. Ngf3 {[%clk 01:31:54]} {[%emt 00:00:06]} Nc6
{[%clk 01:31:45]} {[%emt 00:00:13]} 5. g3 {[%clk 01:32:19]} {[%emt 00:00:05]}
Bd6 {[%clk 01:31:39]} {[%emt 00:00:36]} 6. Bg2 {[%clk 01:32:30]} {[%emt
00:00:19]} Nge7 {[%clk 01:31:54]} {[%emt 00:00:14]} 7. O-O {[%clk 01:32:37]}
{[%emt 00:00:23]} O-O {[%clk 01:32:12]} {[%emt 00:00:12]} 8. Re1 {[%clk
01:32:08]} {[%emt 00:01:00]} Qc7 {[%clk 01:31:45]} {[%emt 00:00:56]} 9. Qe2
{[%clk 01:31:54]} {[%emt 00:00:45]} f6 {[%clk 01:31:47]} {[%emt 00:00:28]} 10.
a3 {[%clk 01:24:30]} {[%emt 00:07:55]} Bd7 {[%clk 01:28:33]} {[%emt 00:03:43]}
11. c3 {[%clk 01:23:07]} {[%emt 00:01:54]} d4 {[%clk 01:22:41]} {[%emt
00:06:21]} 12. cxd4 {[%clk 01:19:18]} {[%emt 00:04:19]} cxd4 {[%clk 01:18:18]}
{[%emt 00:04:52]} 13. e5 {[%clk 01:19:06]} {[%emt 00:00:43]} Nxe5 {[%clk
01:09:28]} {[%emt 00:09:19]} 14. Nxe5 {[%clk 01:14:37]} {[%emt 00:05:00]} Bxe5
{[%clk 01:07:08]} {[%emt 00:02:51]} 15. Bh3 {[%clk 01:12:02]} {[%emt 00:03:05]}
Nf5 {[%clk 00:57:12]} {[%emt 00:10:25]} 16. Nc4 {[%clk 00:58:25]} {[%emt
00:14:06]} Bd6 {[%clk 00:54:34]} {[%emt 00:03:08]} 17. Qe4 {[%clk 00:58:36]}
{[%emt 00:00:20]} Rfe8 {[%clk 00:52:02]} {[%emt 00:03:01]} 18. Bxf5 {[%clk
00:57:07]} {[%emt 00:02:00]} exf5 {[%clk 00:40:04]} {[%emt 00:12:28]} 19. Qd5+
{[%clk 00:55:34]} {[%emt 00:02:03]} Kh8 {[%clk 00:40:18]} {[%emt 00:00:15]} 20.
Re5 {[%emt 00:00:07]} Re7 21. Rxe7 {[%clk 00:55:58]} Rd8 {[%emt 00:00:14]} 22.
Re8 Rxe8 {[%clk 00:40:34]} 23. Qxd6 {[%clk 00:55:14]} {[%emt 00:01:15]} Re1+
{[%clk 00:39:34]} {[%emt 00:01:29]} 24. Kg2 {[%clk 00:55:39]} {[%emt 00:00:05]}
Bc6+ {[%clk 00:38:40]} {[%emt 00:01:25]} 25. f3 {[%clk 00:52:15]} {[%emt
00:03:54]} Qc8 {[%clk 00:37:59]} {[%emt 00:01:09]} 26. Qxd4 {[%clk 00:42:05]}
{[%emt 00:10:40]} Qe8 {[%clk 00:35:54]} {[%emt 00:02:36]} 27. Ne3 {[%clk
00:41:31]} {[%emt 00:01:04]} h6 {[%clk 00:32:57]} {[%emt 00:03:27]} 28. Kf2
{[%clk 00:34:15]} {[%emt 00:07:46]} Rh1 {[%clk 00:30:10]} {[%emt 00:03:17]} 29.
Nf1 {[%clk 00:31:42]} {[%emt 00:03:03]} Bxf3 {[%clk 00:16:56]} {[%emt
00:13:43]} 30. Be3 {[%clk 00:31:52]} {[%emt 00:00:21]} Bc6 {[%clk 00:15:17]}
{[%emt 00:02:08]} 31. Rc1 {[%clk 00:28:22]} {[%emt 00:04:02]} Qh5 {[%clk
00:13:17]} {[%emt 00:02:29]} 32. Rxc6 {[%clk 00:21:05]} {[%emt 00:07:48]} bxc6
{[%clk 00:12:42]} {[%emt 00:01:04]} 33. Qf4 {[%clk 00:20:22]} {[%emt 00:01:13]}
Qh3 {[%clk 00:08:25]} {[%emt 00:04:47]} 34. Ke1 {[%clk 00:18:25]} {[%emt
00:02:27]} Qxh2 {[%clk 00:07:23]} {[%emt 00:01:31]} 35. Qf3 {[%clk 00:14:16]}
{[%emt 00:04:40]} Qh3 {[%clk 00:06:05]} {[%emt 00:01:48]} 36. Bxa7 {[%clk
00:12:14]} {[%emt 00:02:32]} f4 {[%clk 00:06:12]} {[%emt 00:00:23]} 37. Qxf4
{[%clk 00:11:32]} {[%emt 00:01:12]} Qg2 {[%clk 00:05:08]} {[%emt 00:01:33]} 38.
Qf2 {[%clk 00:10:49]} {[%emt 00:01:14]} Qd5 {[%clk 00:05:10]} {[%emt 00:00:28]}
39. Kd2 {[%clk 00:08:37]} {[%emt 00:02:42]} Qa5+ {[%clk 00:04:41]} {[%emt
00:00:59]} 40. b4 {[%clk 00:08:25]} {[%emt 00:00:42]} Qxa3 {[%clk 00:04:20]}
{[%emt 00:00:51]} 41. Bc5 {[%clk 00:08:34]} {[%emt 00:00:21]} Qb2+ {[%clk
00:03:56]} {[%emt 00:00:53]} 42. Ke3 {[%clk 00:07:35]} {[%emt 00:01:29]} Qc1+
{[%clk 00:04:05]} {[%emt 00:00:22]} 43. Ke2 {[%clk 00:07:57]} {[%emt 00:00:08]}
Qc2+ {[%clk 00:03:29]} {[%emt 00:01:06]} 44. Ke3 {[%clk 00:05:04]} {[%emt
00:03:23]} Qc1+ {[%clk 00:02:17]} {[%emt 00:01:42]} 45. Ke2 {[%clk 00:05:24]}
{[%emt 00:00:10]} Qc2+ {[%clk 00:01:14]} {[%emt 00:01:32]} 46. Ke3 {[%clk
00:05:17]} {[%emt 00:00:37]} Qd1 {[%clk 00:27:50]} {[%emt 00:03:54]} 47. Nh2
{[%clk 00:24:40]} {[%emt 00:11:08]} Re1+ {[%clk 00:26:08]} {[%emt 00:02:10]} 48.
Kf4 {[%clk 00:23:47]} {[%emt 00:01:24]} Re2 {[%clk 00:25:22]} {[%emt 00:01:16]}
49. Qf3 {[%clk 00:24:04]} {[%emt 00:00:14]} Qd2+ {[%clk 00:22:45]} {[%emt
00:03:06]} 50. Be3 {[%clk 00:21:19]} {[%emt 00:03:16]} Qxb4+ {[%clk 00:20:49]}
{[%emt 00:02:25]} 0-1